Benavente : (Record no. 69227)

MARC details
000 -LEADER
campo de control de longitud fija 00777nam a22002051i 4500
001 - NÚMERO DE CONTROL
campo de control 69227
003 - IDENTIFICADOR DE NÚMERO DE CONTROL
campo de control ES-MaACL
005 - FECHA Y HORA DE LA ÚLTIMA TRANSACCIÓN
campo de control 20231227160938.0
007 - CAMPO FIJO DE DESCRIPCIÓN FÍSICA--INFORMACIÓN GENERAL
campo de control de longitud fija t|
008 - DATOS DE LONGITUD FIJA--INFORMACIÓN GENERAL
campo de control de longitud fija 040921s1909 sp |||| | spa d
100 1# - ENTRADA PRINCIPAL--NOMBRE DE PERSONA
Nombre de persona L'Hotellerie Falloise, Manuel de.
9 (RLIN) 149377
245 10 - MENCIÓN DEL TÍTULO
Título Benavente :
Resto del título diálogo corto en prosa /
Mención de responsabilidad, etc. original de Manuel de L'Hotellerie Falloisse.
260 ## - PUBLICACIÓN, DISTRIBUCIÓN, ETC.
Lugar de publicación, distribución, etc. Madrid :
Nombre del editor, distribuidor, etc. Sociedad de Autores Españoles,
Fecha de publicación, distribución, etc. 1909.
300 ## - DESCRIPCIÓN FÍSICA
Extensión 11 p. ;
Dimensiones 22 cm.
530 ## - NOTA DISPONIBLE DE FORMULARIO FÍSICO ADICIONAL
Nota de formato físico adicional disponible Disponible en formato digital.
600 14 - PUNTO DE ACCESO ADICIONAL DE MATERIA--NOMBRE DE PERSONA
Nombre de persona Benavente, Jacinto,
Fechas asociadas al nombre 1866-1954
9 (RLIN) 27443
852 4# - LOCALIZACIÓN
Ubicación ES-MaACL
Número de control de estantería T-1219-F-10
Nota libre - Dedicatoria autógrafa del autor
856 4# - LOCALIZACIÓN Y ACCESO ELECTRÓNICOS
Identificador Uniforme de Recursos <a href="https://archive.org/details/benaventedilogoc26212lhot/page/n1/mode/2up">https://archive.org/details/benaventedilogoc26212lhot/page/n1/mode/2up</a>
Nota pública Internet Archive
Holdings
Estatus retirado Estado de pérdida Estado de daño No para préstamo Colección Biblioteca de origen Biblioteca actual Ubicación en estantería Fecha de adquisición Fuente de adquisición Total de préstamos Signatura topográfica completa Código de barras Visto por última vez Precio de reemplazo Tipo de ítem Koha
        Colección de folletos Biblioteca del Ateneo de Madrid Biblioteca del Ateneo de Madrid Depósito folletos 17/01/2008     T-1219-F-10 1072493 23/02/2023 23/02/2023 Folleto